000 nam a22 a 4500
999 _c374511
_d374511
003 BLK
005 20200710171906.0
008 200710b bu ||||| |||| 00| 0 bu d
040 _aBLK
041 _aBUL
_cBUL
080 _aФренска литература
_b821.133.1
_x-31
_z821.133.1-31
100 _9246616
_aДели, Марион
_eпърви автор
_gПьотижан дьо ла Розиер, Фредерик Анри Жозеф
139 _aДели, Марион
_bД 37
245 _aТайната на Керевен :
_bРоман : Ч. 1 - 3
_cМарион Дели ; [Прев.]
_nЧ. 2-3
260 _9212648
_aПловдив
_bБОИВЕСТ
_c1993
_f(София : График Амат)
_n954-548-
300 _c19 см
380 _aX
500 _aОриг. загл. Le mistere de Ker-Even. - Марион Дели - псевд. на Фредерик Анри Жозеф Пьотижан дьо ла Розиер и Жана Мари Анриет Пьотижан дьо ла Розиер. - Прев. и ез. на прев. неустановени
760 _aДели, Марион
_h166 с.
_oЧ. 2-3
852 _aЦб 176339
_bЦб
942 _2udc
_cKNG
_n0
_s1
944 _aCR
_c2020-07-10
_kГГГ
999 _d374510